000 00549nam a2200205 a 4500
001 17491
003 CO-ViMGA
008 141112s2004 ck r 000 u spa d
020 _a8477222835
040 _aCO-ViMGA
_bspa
_cCO-ViMGA
082 0 4 _aMISg
100 1 _aBalanya, Ismael
_924800
245 1 0 _aEl misterio de la Gioconda y ocho casos mas
260 _aBarcelona (EspaƱa),
_cTimun Mas,
_c1993
300 _a111.p.
490 _aResuelve el misterio
650 1 4 _aADIVINANZAS
_9960
650 1 4 _aJUEGOS INFANTILES
_910241
942 _2ddc
_cBK
999 _c27010
_d27010